Divorce is not the answer. (Record no. 14795)

000 -LEADER
fixed length control field 00740nam a2200217 a 4500
001 - CONTROL NUMBER
control field :::00012629$&:&@@
003 - CONTROL NUMBER IDENTIFIER
control field OkBaRHE
005 - DATE AND TIME OF LATEST TRANSACTION
control field 20000607103421.0
008 - FIXED-LENGTH DATA ELEMENTS--GENERAL INFORMATION
fixed length control field s1987 j 000 0 eng u
040 ## - CATALOGING SOURCE
Transcribing agency
100 1# - MAIN ENTRY--PERSONAL NAME
Personal name Hickey, Marilyn and Vanley, John David.
245 10 - TITLE STATEMENT
Title Divorce is not the answer.
260 ## - PUBLICATION, DISTRIBUTION, ETC. (IMPRINT)
Place of publication, distribution, etc Green Forest, AR., :
Name of publisher, distributor, etc New Leaf Press
Date of publication, distribution, etc 1987
300 ## - PHYSICAL DESCRIPTION
Extent 80 p. ;
Dimensions ; 21 cm.
650 ## - SUBJECT ADDED ENTRY--TOPICAL TERM
Topical term or geographic name as entry element Divorce
General subdivision Biblical Teaching
650 ## - SUBJECT ADDED ENTRY--TOPICAL TERM
Topical term or geographic name as entry element Marriage
700 ## - ADDED ENTRY--PERSONAL NAME
Personal name Vanley, John David Joint author.
942 ## - ADDED ENTRY ELEMENTS (KOHA)
Source of classification or shelving scheme
Koha item type Books
Copies
Permanent Location Withdrawn status Lost status Full call number Damaged status Price effective from Date acquired Barcode Date last seen Source of classification or shelving scheme Not for loan Copy number Shelving location Koha item type
RHEMA Bible Training College  HQ 824 .H5 2010-04-142010-04-14126292010-04-14  1General StacksBooks
RHEMA Bible Training College  HQ 824 .H5 2010-04-142010-04-14164692010-04-14  2General StacksBooks